| 000 | 00928nam a2200229Ia 4500 | ||
|---|---|---|---|
| 005 | 20241129105949.0 | ||
| 008 | 241129s9999||||xx |||||||||||||| ||und|| | ||
| 020 | _a978-81-927649-0-0 | ||
| 037 | _aTB | ||
| 040 |
_aARTS _bhin _cARTS |
||
| 041 |
_ahin _2san |
||
| 084 |
_aP15:795 152P1;P8.1-.2 _qARTS |
||
| 100 | _aगुप्ता, नीता, ले. | ||
| 245 | 0 |
_aअनुवाद शतक: अनुवाद सिद्धान्त एवं व्यवहार का विश्वकोशीय प्रयास _cगुप्ता, नीता, ले. |
|
| 250 | _a4 | ||
| 260 |
_aनई दिल्ली, भारत _bभारतीय अनुवाद परिषद _c2018 |
||
| 365 |
_aINR _b1600 |
||
| 490 | _vभाग 2 | ||
| 650 |
_aSanskrit LanugageTranslation and Interpreting _9726708 |
||
| 942 |
_cTB _hP15:795 152P1;P8.1-.2 |
||
| 999 |
_c1226793 _d1226793 |
||